| 000 | 01056cam a2200205 4500 | ||
|---|---|---|---|
| 001 | WB3937-21 | ||
| 008 | 031001n2003 000 0 eng u | ||
| 035 | _a(Sirsi) u123804 | ||
| 245 | _aContributions to sustainable development projects wanted | ||
| 260 | _c2003 | ||
| 490 |
_aDEFRA News Release _v(402/03) 30 September 2003 (2) |
||
| 520 | _aThe National Forest Company is looking for three new board members with skills in marketing, sustainable development and forest economy, to serve on their board. The board reports to DEFRA and aims to increase woodland cover in the East and West Midlands regions, providing economic regeneration and enhancing biodiversity, landscape, tourism and recreation. More information is available from Jon Hayward t +44 (0)20 7238 6826 [email protected]. http://www.defra.gov.uk/news/2003/030930b.htm | ||
| 590 | _aWB | ||
| 650 | _aFORESTRY | ||
| 650 | _aNATIONAL FOREST COMPANY | ||
| 650 | _aWOODLAND MANAGEMENT | ||
| 650 | _aSUSTAINABLE DEVELOPMENT | ||
| 690 |
_aRural _96268 |
||
| 942 | _n0 | ||
| 999 |
_c73523 _d73523 |
||